000
00283nam a22001217a 4500
003
OSt
008
150215b xxu||||| |||| 00| 0 eng d
100
1
_a
Patton, Donald Scott
041
_a
eng
245
1
0
_a
The Private Local Posts of the United States
260
_c
1967
300
_a
0 pages
999
_c
804
_d
804